|
|
|
|
| LEADER |
01739nam a2200301 a 4500 |
| 001 |
8248 |
| 003 |
BD-DhAAL |
| 008 |
090510s1999 njua 001 0 eng d |
| 020 |
|
|
|a 0139737774
|
| 040 |
|
|
|a DLC
|c DLC
|d DLC
|d BD-DhAAL
|
| 082 |
0 |
0 |
|a 621.3815
|2 21
|
| 100 |
1 |
|
|a Boylestad, Robert L.
|9 42060
|
| 245 |
1 |
0 |
|a Electronic devices and circuit theory /
|c Robert Boylestad, Louis Nashelsky.
|
| 250 |
|
|
|a Seventh edition.
|
| 260 |
|
|
|a Upper Saddle River, N.J. :
|b Prentice Hall,
|c c1999.
|
| 300 |
|
|
|a xviii, 926 pages :
|b illustrations ;
|c 29 cm.
|
| 500 |
|
|
|a Includes index.
|
| 541 |
1 |
|
|e 8248
|
| 650 |
|
0 |
|a Electronic circuits.
|9 42061
|
| 650 |
|
0 |
|a Electronic apparatus and appliances.
|9 42062
|
| 700 |
1 |
|
|a Nashelsky, Louis.
|9 42063
|
| 852 |
4 |
|
|a Ayesha Abed Library
|c General Stacks
|
| 942 |
0 |
0 |
|0 2
|2 ddc
|c BK
|
| 999 |
|
|
|c 527
|d 527
|
| 952 |
|
|
|0 0
|1 0
|2 ddc
|4 0
|6 621_381500000000000_BOY_1999
|7 0
|9 477
|a BRACUL
|b BRACUL
|c GEN
|d 2009-05-11
|g 0.00
|l 40
|m 238
|o 621.3815 BOY
|p 3010008248
|r 2026-04-21
|s 2025-11-20
|t 1
|w 2009-05-11
|y BK
|x No price found in the accession register.
|
| 952 |
|
|
|0 0
|1 4
|2 ddc
|4 1
|6 621_381500000000000_BOY
|7 0
|9 6395
|a BRACUL
|b BRACUL
|c GEN
|d 2009-12-23
|g 180.00
|l 4
|m 14
|o 621.3815 BOY
|p 3010010769
|r 2011-11-19
|s 2011-10-20
|t 2
|v 360.00
|w 2009-12-23
|y BK
|x Koha Inventory 2020
|
| 952 |
|
|
|0 0
|1 0
|2 ddc
|4 1
|6 621_381500000000000_BOY
|7 0
|9 7975
|a BRACUL
|b BRACUL
|c SPS
|d 2010-02-10
|l 5
|m 16
|o 621.3815 BOY
|p 3010008249
|r 2012-09-29
|s 2012-09-29
|t 3
|w 2010-02-10
|y BK
|x Photocopy Book. Declared as Damaged on December 10, 2023
|
| 952 |
|
|
|0 0
|1 0
|2 ddc
|4 0
|6 621_381500000000000_BOY
|7 0
|9 10707
|a BRACUL
|b BRACUL
|c GEN
|d 2010-06-07
|g 180.00
|l 23
|m 197
|o 621.3815 BOY
|p 3010010770
|r 2022-04-21
|s 2020-01-12
|t 4
|w 2010-06-07
|y BK
|x Koha Inventory 2020 ; Previously missing book recovered on 03 November 2025.
|